| 000 | 00453nam a2200181Ia 4500 | ||
|---|---|---|---|
| 005 | 20240725021139.0 | ||
| 008 | 240331s9999 xx 000 0 und d | ||
| 020 | _a9559102532 | ||
| 082 |
_bNES _a155 |
||
| 100 | _aNesiah,V | ||
| 245 | 0 |
_aDebates in the Feminist Movement _cVasuki, Nesiah |
|
| 260 |
_aColombo _bSocial Scientists Association _c1996 |
||
| 300 | _a18 p ., | ||
| 650 | _aFeminism | ||
| 650 | _aHistory | ||
| 650 | _aSocial | ||
| 942 | _cL | ||
| 999 |
_c5774 _d5774 |
||